Fiscal Rules: The Role in Fiscal Consolidation Process

Rastúca zadĺženosť verejných financií. Narušená fiškálna stabilita krajín. Zásahy vlády vo forme fiškálnej konsolidácie vo fiškálnych systémoch. Interakcia medzi procesom fiškálnej konsolidácie a fiškálnymi pravidlami. Použitie kvantitatívnych metód (analýza trendov a korelačný prístup) s cieľom pos...

Ausführliche Beschreibung

Gespeichert in:
Bibliographische Detailangaben
1. Verfasser: Mihóková, Lucia
Weitere Verfasser: Dráb, Radovan, Kmeťová, Oľga, 1959-
Format: Buchkapitel
Sprache:Englisch
Schlagworte:
Tags: Tag hinzufügen
Keine Tags, Fügen Sie das erste Tag hinzu!

MARC

LEADER 00000naa$a2200000$$$4500
001 0241366
005 20240502083647.8
041 0 |a eng 
044 |a BG 
245 1 0 |a Fiscal Rules: The Role in Fiscal Consolidation Process  |c Lucia Mihóková, Radovan Dráb, Oľga Kmeťová 
520 |a Rastúca zadĺženosť verejných financií. Narušená fiškálna stabilita krajín. Zásahy vlády vo forme fiškálnej konsolidácie vo fiškálnych systémoch. Interakcia medzi procesom fiškálnej konsolidácie a fiškálnymi pravidlami. Použitie kvantitatívnych metód (analýza trendov a korelačný prístup) s cieľom posúdiť dôležitosť fiškálnych pravidiel v rámci určených konsolidačných období (v rokoch 1995-2016) v členských štátoch EÚ. 
610 2 0 |a konsolidácia 
610 2 0 |a Európska únia 
610 2 0 |a Európsky ekonomický priestor 
610 2 0 |a politika fiškálna 
610 2 0 |a dlhy verejné 
610 2 0 |a stabilita finančná 
610 2 0 |a metódy kvantitatívne 
100 1 |a Mihóková, Lucia 
700 1 |a Dráb, Radovan 
700 1 |a Kmeťová, Oľga, 1959-